| 000 | 00944nam a22002537a 4500 | ||
|---|---|---|---|
| 008 | 081205t xxu||||| |||| 00| 0 eng d | ||
| 010 | _aENG-92013 | ||
| 020 |
_a9780195697063 _c695.00 |
||
| 020 |
_a0195697065 _c695.00 |
||
| 035 | _aEN-75546 | ||
| 037 | _bDBAD / PUB | ||
| 040 |
_adpl _bEnglish |
||
| 082 | _a339 | ||
| 100 | _aRakshit, Mihir | ||
| 245 |
_aMacroeconomics of post-reform India: _cby Mihir Rakshit _bselected papers |
||
| 260 |
_aNew Delhi _bOxford University Press _c2009 |
||
| 270 |
_aYMCA Library Building, Jai Singh Road, _bNew Delhi _e110001 |
||
| 300 |
_av.1 (xi, 271p.) _c22cm (Hb) |
||
| 500 | _aIncludes index | ||
| 650 | _aMacroeconomics | ||
| 651 |
_aIndia _xEconomic policy _z1991- |
||
| 942 |
_2ddc _cEN _mRAK _h339 |
||
| 999 |
_c19525 _d19525 |
||